00205nam a22000857a 4500082001300000100003300013245003200046260003200078300000900110 a327.5491 aMinistry of Foreign Affairs aJoint Communiques 1998-2014 aIslamabadbGovt of Pakistan a735p